U.S. State Capitals with the Least Precipitation - Statistics

General Stats
  • This quiz has been taken 23,281 times
    13,277 since last reset
  • The average score is 7 of 10
Answer Stats
Inches State Capital % Correct
7.2 Arizona Phoenix
95%
18.1 California Sacramento
86%
14.0 Colorado Denver
79%
15.5 Utah Salt Lake City
79%
13.0 New Mexico Santa Fe
79%
8.0 Nevada Carson City
78%
11.5 Idaho Boise
70%
15.4 Wyoming Cheyenne
66%
10.9 Montana Helena
63%
16.3 Hawaii Honolulu
46%
No matching quizzes found
Score Distribution
Percent of People with Each Score
Percentile by Number Answered
Your Score History
You have not taken this quiz since the last reset